| 000 | 00440nam a22001217a 4500 | ||
|---|---|---|---|
| 082 | _a220 PRO | ||
| 100 |
_aAbdullah Gulraiz Adeel Ahmad Awayah Shahid _971861 |
||
| 245 | _aPR-SOF-1682-EIGHT BAR PARALLEL MANIPULATOR SYNTHESIS AND CONTROL FOR MOTION TRACKING THROUGH VISUAL SERVOING | ||
| 260 |
_aISLAMABAD _bNUST COLLEGE OF EME _c2018 |
||
| 650 | _aDE-MTS-36 | ||
| 700 |
_aSupervised by Dr Waqar Shahid Dr Mohsin Tiwana _971862 |
||
| 942 | _cCR | ||
| 999 |
_c578149 _d578149 |
||